| Tag |
First Indicator |
Second Indicator |
Subfields |
| LEADER |
00000nam a2200000 i 4500 |
| 001 |
in00005502136 |
| 006 |
m o d f |
| 007 |
cr ||||||||||| |
| 008 |
240710s2024 dcua ob f000 0 eng c |
| 005 |
20241004205349.7 |
| 035 |
|
|
|a (OCoLC)on1445484071
|
| 040 |
|
|
|a GPO
|b eng
|e rda
|e pn
|c GPO
|d MvI
|
| 042 |
|
|
|a pcc
|
| 043 |
|
|
|a n-us---
|
| 049 |
|
|
|a WWW
|
| 074 |
|
|
|a 0546-D-12 (online)
|
| 086 |
0 |
|
|a GA 1.13/21-4:GAO-24-107486
|
| 088 |
|
|
|a GAO-24-107486
|
| 110 |
1 |
|
|a United States.
|b Government Accountability Office.
|b Science, Technology Assessment, and Analytics,
|0 https://id.loc.gov/authorities/names/no2020065669
|e author.
|
| 245 |
1 |
0 |
|a Textile recycling technologies /
|c GAO, Science, Technology Assessment, and Analytics.
|
| 264 |
|
1 |
|a [Washington, D.C.] :
|b GAO, Science, Technology Assessment, and Analytics,
|c 2024.
|
| 300 |
|
|
|a 1 online resource (2 unnumbered pages) :
|b color illustrations.
|
| 336 |
|
|
|a text
|b txt
|2 rdacontent
|
| 337 |
|
|
|a computer
|b c
|2 rdamedia
|
| 338 |
|
|
|a online resource
|b cr
|2 rdacarrier
|
| 490 |
1 |
|
|a Science & tech spotlight / GAO
|
| 500 |
|
|
|a "July 2024."
|
| 500 |
|
|
|a "GAO-24-107486."
|
| 500 |
|
|
|a In scope of the U.S. Government Publishing Office Catalog and Indexing Program (C&I) and Federal Depository Library Program (FDLP).
|
| 500 |
|
|
|a GPO Cataloging Record Distribution Program (CRDP).
|
| 504 |
|
|
|a Includes bibliographical references.
|
| 588 |
|
|
|a Description based on online resource; title from PDF caption (GAO, viewed July 10, 2024).
|
| 650 |
|
0 |
|a Textile fabrics
|x Recycling
|z United States.
|
| 650 |
|
0 |
|a Textile fabrics
|x Technological innovations
|z United States.
|
| 830 |
|
0 |
|a Science & tech spotlight.
|0 https://id.loc.gov/authorities/names/no2020074726
|
| 856 |
4 |
0 |
|u https://purl.fdlp.gov/GPO/gpo230936
|t 0
|
| 999 |
f |
f |
|s 92889175-c977-43ec-92ba-d50206639e6a
|i e601c8aa-fafd-43d0-bc3f-d66a298ce03c
|t 0
|
| 952 |
f |
f |
|a Texas A&M University
|b College Station
|c Electronic Resources
|d Available Online
|t 0
|e GA 1.13/21-4:GAO-24-107486
|h Superintendent of Documents classification
|
| 998 |
f |
f |
|a GA 1.13/21-4:GAO-24-107486
|t 0
|l Available Online
|